LEADER 01374nam a2200289 i 4500 001 000000072285 003 CaOOAMICUS 005 20100819000000.0 008 100819s1998 it u000 u ita u 013 $a43457 020 $a88-09-21561-3 040 $aSeMil$bita 100 1 $aBombi, Anna Silvia.$0(OLS)http://semarc/name/35792 245 10$aPsicologia del rapporto educativo :$bla rivelazione insegnate-alunno dalla prescuola alla scuola dell'obbligo /$cAnna Silvia Bombi, Giovanna Scittarelli. 260 $aFirenze :$bGiunti,$c1998. 300 $aX, 178 p. ;$c25 cm. 490 0 $aManuali e monografie di psicologia Giunti 650 4$aPsicologia educativa.$0(OLS)http://semarc/subject/7128 650 4$aEducazione e scuola.$0(OLS)http://semarc/subject/1962 700 1 $aScittarelli, Giovanna.$0(OLS)http://semarc/name/35793 830 0$aManuali e monografie di psicologia Giunti.$0(OLS)http://semarc/title/9381 850 $aSeMil 852 $aSeMil$W1$xVenegono$y1$m2O V 94$j38438$B38438$CSeMilBibl$Z2$F38441 $81 961 $aAcquisto: Mescat 996 $6020$a88-09-21561-3$9(OLS)http://semarc/number/51565 996 $6245$aPsicologia del rapporto educativo :$bla rivelazione insegnate-alunno dalla prescuola alla scuola dell'obbligo$9(OLS)http://semarc/title/116477 996 $6260$aFirenze :$bGiunti$9(OLS)http://semarc/publisher/30127 LEADER 01620nam a2200289 i 4500 001 000000153627 003 CaOOAMICUS 005 20250114142519.0 008 060928s2006 gw u000 u ger u 020 $a3-525-53082-X 040 $aSeMil$bita 100 1 $aTaeger, Jens-W.,$d<1945-2004>.$0(OLS)http://semarc/name/60151 245 10$aJohanneische Perspektiven :$bAufsätze zur Johannesapokalypse und zum johanneischen Kreis 1984-2003 /$cJens-W. Taeger ; herausgegeben von David C. Bienert und Dietrich-Alex Koch. 260 $aGöttingen :$bVandenhoeck & Ruprecht,$c2006. 300 $a254 p. :$b[1] ritr. ;$c24 cm. 490 0 $aForschungen zur Religion und Literatur des Alten und Neuen Testaments ;$v215 650 4$aBibbia. Nuovo Testamento. Apocalisse - Commentari, studi, critica, interpretazioni.$0(OLS)http://semarc/subject/1763 700 1 $aKoch, Dietrich-Alex,$d<1942- >.$0(OLS)http://semarc/name/60153 700 1 $aBienert, David C.,$d<1976- >.$0(OLS)http://semarc/name/60152 830 0$aForschungen zur Religion und Literatur des Alten und Neuen Testaments ;$v215.$0(OLS)http://semarc/title/298 850 $aSeMil 852 $aSeMil$W1$xVenegono$y1$m2XA S 215$j253803$B105550$CSeMilBibl$Z2$F114712 $81 961 $aSottoscrizione: Vandenhoeck & Ruprecht 996 $6020$a3-525-53082-X$9(OLS)http://semarc/number/143484 996 $6245$aJohanneische Perspektiven :$bAufsätze zur Johannesapokalypse und zum johanneischen Kreis 1984-2003$9(OLS)http://semarc/title/224811 996 $6260$aGöttingen :$bVandenhoeck & Ruprecht$9(OLS)http://semarc/publisher/29697